Biblioteca y Centro de Documentación

Género y Seguridad Social (I). La Seguridad Social ante las víctimas de violencia de género (Registro nro. 50059)

Detalles MARC
000 -CABECERA
Longitud fija campo de control 01070naa a2200265 c 4500
001 - NÚMERO DE CONTROL
Número de control 50059
003 - IDENTIFICADOR DE NÚMERO DE CONTROL
Identificador del número de control ES-MaCES
005 - FECHA Y HORA DE LA ÚLTIMA TRANSACCIÓN
Fecha y hora de la última transacción 20171011132143.0
008 - CAMPO FIJO DE DESCRIPCIÓN FIJA--INFORMACIÓN GENERAL
Códigos de información de longitud fija   171011s2017 sp ||||| t||||||| ||spa d
040 ## - FUENTE DE CATALOGACIÓN
Centro catalogador de origen ES-MaCES
Lengua de catalogación spa
Centro transcriptor ES-MaCES
Centro modificado ES-MaCES
100 1# - ENCABEZAMIENTO PRINCIPAL--NOMBRE PERSONAL
9 (RLIN) 18830
Nombre de persona Monereo Pérez, José Luis
245 10 - MENCIÓN DE TÍTULO
Título Género y Seguridad Social (I). La Seguridad Social ante las víctimas de violencia de género
Mención de responsabilidad, etc. José Luis Monereo Pérez, Guillermo Rodríguez Iniesta
650 #4 - ASIENTO SECUNDARIO DE MATERIA--TÉRMINO DE MATERIA
9 (RLIN) 28657
Término de materia o nombre geográfico como elemento inicial mujeres
650 #4 - ASIENTO SECUNDARIO DE MATERIA--TÉRMINO DE MATERIA
9 (RLIN) 30808
Término de materia o nombre geográfico como elemento inicial malos tratos
650 #4 - ASIENTO SECUNDARIO DE MATERIA--TÉRMINO DE MATERIA
9 (RLIN) 29388
Término de materia o nombre geográfico como elemento inicial violencia
650 #4 - ASIENTO SECUNDARIO DE MATERIA--TÉRMINO DE MATERIA
9 (RLIN) 29521
Término de materia o nombre geográfico como elemento inicial discriminación por razones de sexo
650 #4 - ASIENTO SECUNDARIO DE MATERIA--TÉRMINO DE MATERIA
9 (RLIN) 27034
Término de materia o nombre geográfico como elemento inicial seguridad social
650 #4 - ASIENTO SECUNDARIO DE MATERIA--TÉRMINO DE MATERIA
9 (RLIN) 29076
Término de materia o nombre geográfico como elemento inicial protección social
650 #4 - ASIENTO SECUNDARIO DE MATERIA--TÉRMINO DE MATERIA
9 (RLIN) 29855
Término de materia o nombre geográfico como elemento inicial legislación de seguridad social
653 10 - TÉRMINO DE INDEXACIÓN--NO CONTROLADO
Término no controlado Mujer
700 1# - ENCABEZAMIENTO SECUNDARIO--NOMBRE PERSONAL
9 (RLIN) 22367
Nombre de persona Rodriguez Iniesta, Guillermo
773 0# - ENTRADA DE DOCUMENTO FUENTE
Itemnumber del ítem fuente 86167
Lugar, editor y fecha de publicación Murcia Laborum 2014-
Otro identificador del documento 089064
Título Revista de Derecho de la Seguridad Social
Número de control del registro relacionado (ES-MaCES)46201
Parte(s) relacionada(s) n. 11 (2º trim. 2017) {55/1132 R. 089064} ;p. 13-22
902 ## - CES. TIPO DE DOCUMENTO
Tipodoc (006$c Sirtex) ART Artículo de revista
942 ## - ELEMENTOS KOHA
Fuente de clasificaión o esquema Clasificación propia del CES
Koha [por defecto] tipo de item Artículos (1982-2017)
Parte de clasificación Asuntos Sociales

No hay ítems disponibles.

© CES, Consejo Económico y Social de España 2021